School Atlas. With map reading suggestions.

Sparad:
Bibliografiska uppgifter
Huvudupphovsman: Denoyer, L. Philip (Författare, medförfattare)
Materialtyp: Bok
Publicerad: Chicago, USA: Denoyer-Geppert Company, 1947.
Ämnen:
Taggar: Lägg till en tagg
Inga taggar, Lägg till första taggen!

MARC

LEADER 00000nam a22000007a 4500
003 CL-VaPUC
005 20231218164745.0
008 220808t1947 ||||| |||| 00| 0 eng d
999 |c 438116  |d 438114 
040 |c Pontificia Universidad Católica de Valparaíso 
082 7 |a 912 DEN 1947  |2 22 
100 1 |a Denoyer, L. Philip  |e author  |9 875106 
245 |a School Atlas.  |b With map reading suggestions. 
260 |a Chicago, USA:  |b Denoyer-Geppert Company,  |c 1947. 
300 |a 30 páginas.  |e +32 mapas. 
500 |a c.1 Donación Familia Prof. Alejandro Guzmán Brito. 
583 |c 20220808  |k Catalogador Asistente 
650 0 |a Atlas   |9 260843 
650 0 |a Mapas  |9 260844 
942 |2 ddc  |c BK  |n 0 
952 |0 0  |1 0  |2 ddc  |4 0  |6 912_000000000000000_DEN_1947  |7 1  |8 C_AGB  |9 586000  |a BIBDER  |b BIBDER  |d 2022-08-08  |e Donación  |i 5653981  |o 912 DEN 1947  |p 5653981  |r 2023-01-25  |t 1  |w 2022-08-08  |y BK_US  |k AGB